000 00562nam a22001937a 4500
003 OSt
005 20140310182329.0
008 130921t xxu||||| |||| 00| 0 eng d
020 _a2921171139
050 _aPZ 8.1
_b.C368
082 _aGS 398.2
_bC24l 19
100 _aCattaneo, Piero
_921333
245 _aThe story of little red riding hood and other tales /
_cCattaneo, Piero
260 _aCanada :
_bTormont Publications Inc,
300 _a55 p. :
_bcol. ill. ;
_c29 cm.
650 _aFolk literature.
_95774
942 _2lcc
_cBK-GS
999 _c11941
_d11941